00411nam a2200121Ia 4500008004100000020002200041084002400063100001800087245005500105260003000160300002200190650007700212220326s9999||||xx |||||||||||||| ||und|| a978-979-8897-44-3 a10301 MUL Gov Bo.2b aKhairul Muluk 0aPeta Konsep Desentralisasi dan Pemerintahan Daerah aSurabayabITS Pressc2009 axii + 227 halaman aGovernment (Pemerintahan)eG-O-VyDesentralisasi dan Pemerintahan Daerah